Waluty Afryki - Statystyki

Ogólne statystyki
  • Ten quiz został rozwiązany 80 razy
  • Średni wynik to 25 z 55
Statystyki odpowiedzi
Hint Odpowiedź % Poprawnych
Algieria dinar algierski
89%
Benin frank CFA
81%
Egipt funt egipski
81%
Czad frank CFA
78%
Burkina Faso frank CFA
74%
Gwinea Równikowa frank CFA
70%
Kamerun frank CFA
70%
Gabon frank CFA
67%
Gwinea-Bissau frank CFA
67%
Kongo frank CFA
67%
Republika Środkowoafrykańska frank CFA
63%
Kenia szyling kenijski
63%
Libia dinar libijski
59%
Maroko dirham
56%
Mali frank CFA
56%
Niger frank CFA
56%
Angola kwanza
56%
Senegal frank CFA
52%
Wybrzeże Kości Słoniowej frank CFA
52%
Demokratyczna Republika Konga frank kongijski
52%
Malawi kwacha
48%
Sierra Leone leone
48%
Botswana pula
48%
Madagaskar ariary
44%
Wyspy Świętego Tomasza i Książęca dobra
44%
Liberia dolar liberyjski
44%
Burundi frank burundyjski
44%
Gwinea frank gwinejski
44%
Somalia szyling somalijski
44%
Ghana cedi
41%
Tunezja dinar tunezyjski
41%
Togo frank CFA
41%
Republika Południowej Afryki rand
41%
Gambia dalasi
37%
Dżibuti frank dżibutyjski
37%
Sudan Południowy funt południowosudański
37%
Sudan funt sudański
37%
Zambia kwacha
37%
Seszele rupia seszelska
37%
Etiopia birr
33%
Suazi lilangeni
33%
Lesotho loti
33%
Nigeria naira
33%
Erytrea nakfa
33%
Zimbabwe dolar amerykański
30%
Namibia dolar namibijski
30%
Komory frank CFA
30%
Republika Zielonego Przylądka escudo
26%
Rwanda frank rwandyjski
26%
Mozambik metical
26%
Uganda szyling ugandyjski
22%
Mauritius rupia maurytyjska
15%
Tanzania funt tanzański
7%
Mauretania ouguiya
7%
Zimbabwe yuan
7%
Nie znaleziono quizów pasujących do podanych kryteriów
Rozkład punktacji
Procent ludzi z każdym wynikiem
Percentyl według liczby udzielonych odpowiedzi
Twoja historia wyników
Nie rozwiązałeś tego quizu